00595nam a2200169 a 4500008004100000050002200041100001800063245008800081260003900169350000900208490003000217650004600247650005000293650004900343700001800392710001500410120416s2004 ||||||||||||||||| || u aIBRD(06)DD/2004/2 aManning, Nick10aInternational public administration reform: implications for the Russian Federation aWashington, D.C.bWorld Bankc2004 a0.00 aDirections in development aCIVIL SERVICE REFORM--RUSSIA (FEDERATION) aPUBLIC ADMINISTRATION--CROSS-CULTURAL STUDIES aCIVIL SERVICE REFORM--CROSS-CULTURAL STUDIES aParison, Neil aWorld Bank